=LDR 00000nam 2200000 4500 =001 INLIS000000000007386 =005 20200819014020 =035 ##$$a 0010-061300000007386 =008 200819################g##########0#ind## =041 ##$$a Ind =082 ##$$a 2x1 =090 ##$$a 2x1, Sya d =100 ##$$a Syarbashi, Ahmad =245 1#$$a Dimensi-dimensi kesejatian Al-Qur'an /$c Prof. Dr. Ahmad Syarbashi; Editor: Musjaffa' Maimun =260 ##$$a Yogyakarta :$b Ababil,$c 1996 =300 ##$$a 102 hlm ; $c 20 x 14 cm =650 #4$$a Al-Qur'an =084 ##$$a 2x1 SYA d =500 ##$$a Indeks: halaman 99-102 =250 ##$$a cet.1 =990 ##$$a 95.129/Pb-96 =990 ##$$a 95.130/Pb-96 =990 ##$$a 116.632/Pro-97 =990 ##$$a 116.633/Pro-97 =990 ##$$a 139.495/Pb-98 =990 ##$$a 139.496/Pb-98 =990 ##$$a 00089981 =990 ##$$a 00089966 =990 ##$$a 139.497/pb-98 =990 ##$$a 1199800106 =990 ##$$a 00089966 =990 ##$$a 95.129/Pb-96 =990 ##$$a 95.130/Pb-96 =990 ##$$a 116.632/Pro-97 =990 ##$$a 116.633/Pro-97 =990 ##$$a 139.495/Pb-98 =990 ##$$a 139.496/Pb-98 =990 ##$$a 00089981 =990 ##$$a 139.497/pb-98 =990 ##$$a 1199800106